| 000 -LEADER |
| fixed length control field |
01337nam a22002537 4500 |
| 003 - CONTROL NUMBER IDENTIFIER |
| control field |
AR-BaISA |
| 005 - DATE AND TIME OF LATEST TRANSACTION |
| control field |
20221005104003.0 |
| 007 - PHYSICAL DESCRIPTION FIXED FIELD--GENERAL INFORMATION |
| fixed length control field |
ta |
| 008 - FIXED-LENGTH DATA ELEMENTS--GENERAL INFORMATION |
| fixed length control field |
221004s2007 ag abdo| |||| 000 0 spa d |
| 020 ## - INTERNATIONAL STANDARD BOOK NUMBER |
| International Standard Book Number |
9789879625675 |
| 040 ## - CATALOGING SOURCE |
| Language of cataloging |
spa |
| Transcribing agency |
AR-BaISA |
| 082 04 - DEWEY DECIMAL CLASSIFICATION NUMBER |
| Edition number |
22 |
| Classification number |
631.8 P94 |
| 245 00 - TITLE STATEMENT |
| Title |
La problemática de los agroquímicos y sus envases, su incidencia en la salud de los trabajadores, la población expuesta y el ambiente: |
| Remainder of title |
estudio colaborativo multicéntrico |
| 260 ## - PUBLICATION, DISTRIBUTION, ETC. |
| Place of publication, distribution, etc. |
Buenos Aires: |
| Name of publisher, distributor, etc. |
Secretaría de Ambiente y Desarrollo Sustentable, |
| Date of publication, distribution, etc. |
2007 |
| 300 ## - PHYSICAL DESCRIPTION |
| Extent |
309 p.: |
| Other physical details |
il., fotos, gráfs., tablas |
| 500 ## - GENERAL NOTE |
| General note |
Publicación realizada en conjunto con la Organización Panamericana de la Salud (OPS) y la Asociación Argentina de Médicos por el Medio Ambiente (AAMMA). |
| 504 ## - BIBLIOGRAPHY, ETC. NOTE |
| Bibliography, etc. note |
Bibliografía al final de cada capítulo. |
| 505 ## - FORMATTED CONTENTS NOTE |
| Title |
Región Zona Hortícola Buenos Aires -- |
| -- |
Provincia de Catamarca -- |
| -- |
Provincia de Jujuy -- |
| -- |
Región Mesopotámica. Provincia de Misiones -- |
| -- |
Provincia de Río Negro y Provincia de Neuquén -- |
| -- |
Norte de la Provincia de Santa Fé, Provincia de Chaco, Provincia de Santiago del Estero -- |
| -- |
Provincia de Santa Fé Sur |
| 650 10 - SUBJECT ADDED ENTRY--TOPICAL TERM |
| 9 (RLIN) |
2577 |
| Topical term or geographic name entry element |
Agroquímicos |
| 650 10 - SUBJECT ADDED ENTRY--TOPICAL TERM |
| 9 (RLIN) |
2578 |
| Topical term or geographic name entry element |
Salud ambiental |
| 650 10 - SUBJECT ADDED ENTRY--TOPICAL TERM |
| 9 (RLIN) |
1806 |
| Topical term or geographic name entry element |
Política ambiental |
| 650 10 - SUBJECT ADDED ENTRY--TOPICAL TERM |
| 9 (RLIN) |
1808 |
| Topical term or geographic name entry element |
Medio ambiente |
| 942 ## - ADDED ENTRY ELEMENTS (KOHA) |
| Source of classification or shelving scheme |
|
| Koha item type |
Libros |
| Edition |
22 |